000
00277nam a22001217a 4500
008
160506b xxu||||| |||| 00| 0 eng d
020
_a
9780878915606
020
_a
0878915605
041
_a
eng
080
_a
61
245
_a
Genetics:
_c
Dr. M. Fogiel Director;
942
_2
udc
_c
BK
999
_c
1869
_d
1869